| 000 | 01949nam a2200445 a 4500 | ||
|---|---|---|---|
| 999 |
_c347564 _d347564 |
||
| 003 | BLK | ||
| 005 | 20240530132524.0 | ||
| 008 | 200107b bu |||||r|||| 00| 0 bu d | ||
| 020 | _a9786192400491 | ||
| 040 | _aBLK | ||
| 041 |
_aBUL _cBUL |
||
| 080 |
_aТехника. Технически науки _b62 _x(02.053.2) _z62(02.053.2) |
||
| 080 |
_aНаука. Наукознание. Организация на умствения труд _b001 _x(02.053.2) _z001(02.053.2) |
||
| 080 |
_aИзобретения и открития. Изобретателство. Рационализации. Патенти. Промишлени образци. Вж и 347.77 _b001.894 _x(02.053.2) _z001.894(02.053.2) |
||
| 100 |
_aБергомино, Джорджо _eпърви автор _91299 |
||
| 139 |
_aБергомино, Джорджо _bБ 38 |
||
| 245 |
_aИстория на науката и технологиите _cДжорджо Бергомино и Джани Палита;прев. Мария Петрова и Весела Чергова |
||
| 260 |
_9209558 _aСофия _bПАН _c2019 _n978-954-660- ; 978-954-657- |
||
| 300 |
_a192с. _b с цв. ил. _c29 см |
||
| 380 | _aDN | ||
| 650 | 7 |
_9173585 _aТехника |
|
| 650 | 7 |
_9163554 _aНаука |
|
| 650 | 7 |
_9156634 _aИзобретения |
|
| 653 | 7 |
_9187398 _aизобретения |
|
| 653 | 7 |
_9186023 _aексперименти |
|
| 700 |
_aПалитта, Джани _eсъавт. _91445 |
||
| 700 |
_9966 _aПетрова, Мария _eпрев. |
||
| 700 |
_9966 _aЧергова, Весела Петрова _eпрев. |
||
| 700 |
_9599 _aУрани, Андреа _eил. |
||
| 852 |
_bД _cДН 62/Б 38 |
||
| 856 |
_i0.00 _ldisable |
||
| 942 |
_cKNG _n0 _s1 _08 |
||
| 944 |
_aCR _c2020-01-07 _k30551 _lБояна Костадинова |
||
| 999 | _d347564 | ||
| 999 | _d347564 | ||
| 999 | _d347564 | ||
| 999 | _d347564 | ||
| 999 | _d347564 | ||
| 999 | _d347564 | ||